[Event "OPEN AUBAGNE CEA 25-26"]
[Site "10 AV Joseph Fallen 13400 AUBAGNE"]
[Date "2025.10.04"]
[Round "1.2"]
[Board "2"]
[White "Hovaguimian, Gerard"]
[Black "Madi, Walid"]
[Result "0-1"]
[WhiteElo "1535"]
[BlackElo "1880"]
[WhiteFideId "-1"]
[WhiteFideId "-1"]
[PlyCount "70"]
[GameId "2229338489331816"]
[EventDate "2025.??.??"]
[WhiteTeam "Hay Chess"]
[BlackTeam "Cercle d'Echecs Aubagnais"]

1. d4 Nf6 2. c4 g6 3. Nf3 d6 4. g3 Bg7 5. Bg2 O-O 6. O-O Nbd7 7. e3 c5 8. Nbd2 Rb8 9. b3 b6 10. Bb2 Bb7 11. d5 b5 12. Qc2 bxc4 13. bxc4 Ba6 14. Rab1 Nb6 15. Rfe1 Qd7 16. h3 Na4 17. Ba1 Nb6 18. Bf1 e6 19. e4 e5 20. Bb2 h6 21. Nh4 Qe7 22. Nb3 Bc8 23. Bc1 Nh5 24. Kh2 Kh7 25. Ng2 f5 26. f3 fxe4 27. fxe4 Qd7 28. g4 Nf4 29. Qc3 Na4 30. Qg3 Ba6 31. Bd2 Rf7 32. Re3 Nxg2 33. Kxg2 Nb6 34. Nc1 Rbf8 35. Be1 Rxf1 0-1

[Event "OPEN AUBAGNE CEA 25-26"]
[Site "10 AV Joseph Fallen 13400 AUBAGNE"]
[Date "2025.10.04"]
[Round "1.3"]
[Board "3"]
[White "Maggio, Lucas"]
[Black "Leonti, Denis"]
[Result "1-0"]
[WhiteElo "1876"]
[BlackElo "1521"]
[WhiteFideId "-1"]
[WhiteFideId "-1"]
[PlyCount "41"]
[GameId "2229341286232185"]
[EventDate "2025.??.??"]
[WhiteTeam "Cercle d'Echecs Aubagnais"]
[BlackTeam "Hay Chess"]

1. c4 c5 2. Nf3 Nc6 3. Nc3 Nf6 4. g3 e6 5. Bg2 d5 6. cxd5 exd5 7. d4 b6 8. Bg5 c4 9. Ne5 Nxe5 10. dxe5 h6 11. exf6 hxg5 12. Bxd5 Be6 13. Bc6+ Bd7 14. Qd5 Rc8 15. Qe5+ Be7 16. fxe7 Qxe7 17. Bxd7+ Kxd7 18. Rd1+ Ke8 19. Qxg7 Rf8 20. Nd5 f5 21. Qxe7# 1-0

[Event "OPEN AUBAGNE CEA 25-26"]
[Site "10 AV Joseph Fallen 13400 AUBAGNE"]
[Date "2025.10.04"]
[Round "1.4"]
[Board "4"]
[White "Moerenhout, Jean Claude"]
[Black "Belaid, Noa"]
[Result "0-1"]
[WhiteElo "1517"]
[BlackElo "1779"]
[WhiteFideId "-1"]
[WhiteFideId "-1"]
[PlyCount "76"]
[GameId "2229342862520455"]
[EventDate "2025.??.??"]
[WhiteTeam "Cercle d'Echecs Aubagnais"]
[BlackTeam "Hay Chess"]

1. e4 e5 2. Nf3 Nc6 3. d4 exd4 4. Bc4 Nf6 5. e5 d5 6. exd6 Bxd6 7. O-O O-O 8. h3 h6 9. c3 dxc3 10. Nxc3 a6 11. a4 Ne5 12. Nxe5 Bxe5 13. Qf3 Qe7 14. b3 Bd7 15. Bb2 Bc6 16. Qe3 Bd6 17. Rae1 Qxe3 18. Rxe3 Rfe8 19. Nd1 Ne4 20. Rf3 Ng5 21. Re3 Bc5 22. Rg3 Bd6 23. Rd3 Be4 24. Re3 Bf4 25. Re2 Bg6 26. Rfe1 Rxe2 27. Rxe2 Bh5 28. f3 Bd6 29. Nc3 Kf8 30. Ne4 Nxe4 31. Rxe4 Bg6 32. Rg4 h5 33. Rd4 Bc5 34. Kh2 Bxd4 35. Bxd4 Rd8 36. Be5 c6 37. Bg3 Bd3 38. Bh4 Rd7 0-1

[Event "OPEN AUBAGNE CEA 25-26"]
[Site "10 AV Joseph Fallen 13400 AUBAGNE"]
[Date "2025.10.04"]
[Round "1.6"]
[Board "6"]
[White "Copetti, Christian"]
[Black "Engles, Baptiste"]
[Result "0-1"]
[WhiteElo "1499"]
[BlackElo "1741"]
[WhiteFideId "-1"]
[WhiteFideId "-1"]
[PlyCount "96"]
[GameId "2229345528963235"]
[EventDate "2025.??.??"]
[WhiteTeam "Hay Chess"]
[BlackTeam "Hay Chess"]

1. e4 c5 2. Nf3 d6 3. d4 cxd4 4. Nxd4 Nf6 5. Nc3 a6 6. Bd3 g6 7. f3 Bg7 8. Bg5 O-O 9. Qd2 Nc6 10. Nde2 b5 11. O-O-O b4 12. Nd5 Nxd5 13. exd5 Ne5 14. Nd4 a5 15. Rde1 Bd7 16. Bb5 Bxb5 17. Nxb5 Qb6 18. Qe2 f6 19. Be3 Qb7 20. Rd1 Rab8 21. Na7 b3 22. cxb3 a4 23. Rd2 axb3 24. a3 Qc7+ 25. Kb1 Nc4 26. Nc6 Nxd2+ 27. Bxd2 Rb7 28. Rc1 Qd7 29. Nd4 Rc8 30. Nc6 Bf8 31. Bh6 Bxh6 32. Nxe7+ Qxe7 33. Rxc8+ Kf7 34. Qf2 Rc7 35. Rxc7 Qxc7 36. f4 Qc2+ 37. Qxc2 bxc2+ 38. Kxc2 Bxf4 39. h3 Be3 40. b4 Ke7 41. Kc3 Kd7 42. b5 h5 43. Kb4 Bb6 44. a4 Kc7 45. a5 Bxa5+ 46. Kxa5 Kb7 47. b6 g5 48. Kb5 f5 0-1

[Event "OPEN AUBAGNE CEA 25-26"]
[Site "10 AV Joseph Fallen 13400 AUBAGNE"]
[Date "2025.10.04"]
[Round "1.7"]
[Board "7"]
[White "Velut, Nicolas"]
[Black "Khojasteh, Armand"]
[Result "1-0"]
[WhiteElo "1735"]
[BlackElo "1498"]
[WhiteFideId "-1"]
[WhiteFideId "-1"]
[PlyCount "131"]
[GameId "2229347975532585"]
[EventDate "2025.??.??"]
[WhiteTeam "Hay Chess"]
[BlackTeam "Club Provence Echecs"]

1. e4 d5 2. exd5 Nf6 3. d4 Nxd5 4. c4 Nb4 5. a3 N4c6 6. d5 Ne5 7. Bf4 Ng6 8. Bg3 c5 9. Bd3 e6 10. dxe6 Bxe6 11. Nf3 Nc6 12. O-O Bd6 13. Bxd6 Qxd6 14. Nc3 O-O 15. Qc2 Nce5 16. Nxe5 Qxe5 17. Rfe1 Qg5 18. Ne4 Qe7 19. Rad1 b6 20. Qc3 Rad8 21. Ng3 Qg5 22. h3 Nh4 23. Re3 Bf5 24. Rde1 Bxd3 25. Rxd3 Rxd3 26. Qxd3 Qg6 27. Rd1 Qc6 28. Qd5 Qa8 29. Qxa8 Rxa8 30. Rd7 g6 31. Ne4 Nf5 32. Ng5 f6 33. Nxh7 Nd4 34. Nxf6+ Kf8 35. Rh7 Rd8 36. Rh8+ Ke7 37. Rxd8 Kxd8 38. Kf1 Nb3 39. Ke2 a5 40. Nd5 Nd4+ 41. Ke3 Nf5+ 42. Kf4 Nd6 43. b3 b5 44. cxb5 Nxb5 45. a4 Nd4 46. Kg5 Nxb3 47. Kxg6 c4 48. h4 Nd4 49. Nc3 Ne6 50. Kf7 Kd7 51. g4 Kd6 52. g5 Ke5 53. g6 Kf5 54. f3 Nd8+ 55. Kg7 Ne6+ 56. Kh6 Kf6 57. Ne4+ Kf5 58. Nd6+ Kf6 59. Nxc4 Ng7 60. Nxa5 Nf5+ 61. Kh7 Ng7 62. Nc6 Ne8 63. a5 Ng7 64. a6 Ne6 65. a7 Ng7 66. a8=Q 1-0

[Event "OPEN AUBAGNE CEA 25-26"]
[Site "10 AV Joseph Fallen 13400 AUBAGNE"]
[Date "2025.10.04"]
[Round "1.8"]
[Board "8"]
[White "Rocchia, Alex"]
[Black "Maffone, Jean-Charles"]
[Result "0-1"]
[WhiteElo "1483"]
[BlackElo "1722"]
[WhiteFideId "-1"]
[WhiteFideId "-1"]
[PlyCount "22"]
[GameId "2229352961441893"]
[EventDate "2025.??.??"]
[WhiteTeam "Cercle d'Echecs Aubagnais"]
[BlackTeam "Cercle d'Echecs Aubagnais"]

1. e4 c5 2. Nc3 Nc6 3. Bb5 Nd4 4. f4 a6 5. Bc4 e6 6. d3 b5 7. Bb3 Bb7 8. Nce2 Nxb3 9. axb3 d5 10. e5 d4 11. c3 Bxg2 0-1

[Event "OPEN AUBAGNE CEA 25-26"]
[Site "10 AV Joseph Fallen 13400 AUBAGNE"]
[Date "2025.10.04"]
[Round "1.9"]
[Board "9"]
[White "Battaglia, Gerard"]
[Black "Bouidh, Sonia"]
[Result "1-0"]
[WhiteElo "1720"]
[BlackElo "1470"]
[WhiteFideId "-1"]
[WhiteFideId "-1"]
[PlyCount "49"]
[GameId "2229353518473331"]
[EventDate "2025.??.??"]
[WhiteTeam "Echiquier Marseillais 1872"]
[BlackTeam "Echecs Academy de Marseille"]

1. d4 d5 2. Bf4 e6 3. e3 Nf6 4. h3 Be7 5. Bd3 Nc6 6. c3 Bd6 7. Nf3 Qe7 8. O-O Bd7 9. Nbd2 O-O 10. Qc2 e5 11. dxe5 Nxe5 12. Bg5 Nxd3 13. Qxd3 Bc6 14. Nd4 Bd7 15. f4 c5 16. N4f3 c4 17. Qe2 Bc5 18. Ne5 Qd6 19. Rad1 b5 20. Bxf6 gxf6 21. Ne4 Qe7 22. Nxd7 Bxe3+ 23. Qxe3 Rfe8 24. Ndxf6+ Kg7 25. Nxe8+ 1-0

[Event "OPEN AUBAGNE CEA 25-26"]
[Site "10 AV Joseph Fallen 13400 AUBAGNE"]
[Date "2025.10.04"]
[Round "1.10"]
[Board "10"]
[White "Graillon, Baptiste"]
[Black "Vrillet, Loan"]
[Result "0-1"]
[WhiteElo "1461"]
[BlackElo "1705"]
[WhiteFideId "-1"]
[WhiteFideId "-1"]
[PlyCount "94"]
[GameId "2229612264157271"]
[EventDate "2025.??.??"]
[WhiteTeam "Marseille-Echecs"]
[BlackTeam "Cercle d'Echecs Aubagnais"]

1. d4 d5 2. Nf3 Nf6 3. e3 c5 4. c4 cxd4 5. exd4 Nc6 6. Nc3 e6 7. a3 Be7 8. Bd3 O-O 9. O-O a6 10. Re1 b6 11. Qc2 dxc4 12. Bxc4 Nxd4 13. Qd3 Nc6 14. Qxd8 Rxd8 15. Be3 b5 16. Be2 Bb7 17. Red1 Rac8 18. Bb6 Rd7 19. Rxd7 Nxd7 20. Be3 Nce5 21. Nxe5 Nxe5 22. Rc1 Nc4 23. Bxc4 Rxc4 24. Bd2 Bf6 25. Kf1 Kf8 26. g3 Bf3 27. Re1 b4 28. axb4 Rxb4 29. Bc1 a5 30. Re3 Bc6 31. Ke2 Bb7 32. Na2 Rb6 33. Nc3 Bd4 34. Rd3 Ba6 35. Be3 Bxe3 36. Kxe3 Bxd3 37. Kxd3 Rxb2 38. Ke3 Ke7 39. h4 Rc2 40. Ne4 a4 41. Nd2 a3 42. Nb3 Rc3+ 43. Kf4 Rxb3 44. g4 a2 45. g5 a1=Q 46. Kg4 Qd1+ 47. Kf4 Qd4# 0-1

[Event "OPEN AUBAGNE CEA 25-26"]
[Site "10 AV Joseph Fallen 13400 AUBAGNE"]
[Date "2025.10.04"]
[Round "1.11"]
[Board "11"]
[White "Roger, Patrick"]
[Black "Pala, Gerard"]
[Result "1-0"]
[WhiteElo "1691"]
[BlackElo "1454"]
[WhiteFideId "-1"]
[WhiteFideId "-1"]
[PlyCount "49"]
[GameId "2229609878741063"]
[EventDate "2025.??.??"]
[WhiteTeam "Echiquier Marseillais 1872"]
[BlackTeam "Cercle d'Echecs Aubagnais"]

1. e4 c6 2. d4 d5 3. Nc3 dxe4 4. Nxe4 Bf5 5. Ng3 Bg6 6. h4 h6 7. Nf3 e6 8. Ne5 Bh7 9. c3 Nf6 10. Bd3 Bxd3 11. Qxd3 Bd6 12. f4 Nbd7 13. Qe2 Qc7 14. Be3 Nd5 15. Ne4 N7f6 16. Nxd6+ Qxd6 17. Bd2 Qc7 18. g4 O-O-O 19. g5 Nd7 20. Nxf7 Rhf8 21. Nxd8 Nxf4 22. Bxf4 Qxd8 23. Be3 Nb6 24. O-O-O Nd5 25. Bd2 1-0

[Event "OPEN AUBAGNE CEA 25-26"]
[Site "10 AV Joseph Fallen 13400 AUBAGNE"]
[Date "2025.10.04"]
[Round "1.12"]
[Board "12"]
[White "Turpin, Isabelle"]
[Black "Deregnaucourt, Yves"]
[Result "1-0"]
[WhiteElo "1426"]
[BlackElo "1680"]
[WhiteFideId "-1"]
[WhiteFideId "-1"]
[PlyCount "73"]
[GameId "2229607739437095"]
[EventDate "2025.??.??"]
[WhiteTeam "Cercle d'Echecs Aubagnais"]
[BlackTeam "Cercle d'Echecs Aubagnais"]

1. Nf3 f5 2. d4 Nf6 3. e3 g6 4. Be2 Bg7 5. c3 d6 6. O-O O-O 7. Ng5 h6 8. Nh3 Qe8 9. f4 e6 10. Rf3 Bd7 11. Nd2 Bc6 12. Rg3 Nbd7 13. Nf2 d5 14. Rh3 Rf7 15. g4 fxg4 16. Bxg4 Nxg4 17. Nxg4 h5 18. Nf2 Nf6 19. Qc2 Rf8 20. Rg3 Kh7 21. Nf3 Ne4 22. Ng5+ Nxg5 23. Rxg5 Bf6 24. Rxh5+ Kg7 25. Ng4 Rh8 26. Rxh8 Qxh8 27. Bd2 Qh4 28. Nf2 Rh8 29. h3 Qg3+ 30. Kf1 Bb5+ 31. c4 Bxc4+ 32. Nd3 Qxh3+ 33. Ke2 Qg2+ 34. Kd1 Rh1+ 35. Be1 Bh4 36. Qxg2 Rxe1+ 37. Nxe1 1-0

[Event "OPEN AUBAGNE CEA 25-26"]
[Site "10 AV Joseph Fallen 13400 AUBAGNE"]
[Date "2025.10.04"]
[Round "1.13"]
[Board "13"]
[White "Engles, Pierre"]
[Black "Peucelle, Richard"]
[Result "1-0"]
[WhiteElo "1624"]
[BlackElo "1415"]
[WhiteFideId "-1"]
[WhiteFideId "-1"]
[PlyCount "67"]
[GameId "2229621045571695"]
[EventDate "2025.??.??"]
[WhiteTeam "Hay Chess"]
[BlackTeam "Cercle d'Echecs Aubagnais"]

1. e4 e6 2. Qe2 d5 3. exd5 Qe7 4. dxe6 Bxe6 5. Nf3 g6 6. g3 Bg7 7. Bg2 Nc6 8. O-O Rd8 9. Re1 a6 10. Nc3 Nf6 11. Ng5 O-O 12. Nxe6 fxe6 13. Bxc6 bxc6 14. Qxe6+ Qxe6 15. Rxe6 Nd5 16. Nxd5 cxd5 17. d3 Rf7 18. Bg5 Rdf8 19. f4 h6 20. Be7 Bxb2 21. Bxf8 Bxa1 22. Bxh6 Bg7 23. Bxg7 Kxg7 24. Rxa6 Rf6 25. Rxf6 Kxf6 26. Kf2 c6 27. Ke3 Kf5 28. Kd4 Ke6 29. Kc5 Kf5 30. a4 Kg4 31. a5 Kh3 32. a6 Kxh2 33. a7 Kxg3 34. a8=Q 1-0

[Event "OPEN AUBAGNE CEA 25-26"]
[Site "10 AV Joseph Fallen 13400 AUBAGNE"]
[Date "2025.10.04"]
[Round "1.14"]
[Board "14"]
[White "Giraudoux Lognos, Lina"]
[Black "Le Mauff, Marc"]
[Result "0-1"]
[WhiteElo "1409"]
[BlackElo "1614"]
[WhiteFideId "-1"]
[WhiteFideId "-1"]
[PlyCount "52"]
[GameId "2229355082477697"]
[EventDate "2025.??.??"]
[WhiteTeam "Cercle d'Echecs Aubagnais"]
[BlackTeam "Cassis Echecs"]

1. d4 Nf6 2. Bf4 g6 3. e3 Bg7 4. c3 O-O 5. Nf3 d6 6. Nbd2 Be6 7. Qb3 Bxb3 8. Nxb3 Nc6 9. Bd3 Re8 10. O-O e5 11. Bg3 e4 12. Bxe4 Nxe4 13. Bh4 Bf6 14. Bxf6 Qxf6 15. Rad1 Ng5 16. Nxg5 Qxg5 17. a3 b6 18. Nc1 a5 19. Ne2 Ne7 20. Ng3 Nf5 21. Rde1 Nxg3 22. f4 Qg4 23. hxg3 Qxg3 24. Re2 Rxe3 25. Rf3 Rxf3 26. Re7 Rf2 0-1

[Event "OPEN AUBAGNE CEA 25-26"]
[Site "10 AV Joseph Fallen 13400 AUBAGNE"]
[Date "2025.10.04"]
[Round "1.15"]
[Board "15"]
[White "Arlot, Bastien"]
[Black "Pouliquen, Gilbert"]
[Result "1-0"]
[WhiteElo "1610"]
[BlackElo "1404"]
[WhiteFideId "-1"]
[WhiteFideId "-1"]
[PlyCount "67"]
[GameId "2229622768992381"]
[EventDate "2025.??.??"]
[WhiteTeam "Hay Chess"]
[BlackTeam "Echiquier Marseillais 1872"]

1. e4 c5 2. d4 cxd4 3. c3 Nc6 4. Nf3 e5 5. cxd4 Bb4+ 6. Nc3 Nf6 7. d5 Nxe4 8. dxc6 Nxc3 9. bxc3 Bxc3+ 10. Bd2 Bxa1 11. Qxa1 d6 12. cxb7 Bxb7 13. Bb5+ Kf8 14. Be2 Rc8 15. O-O Qe7 16. Rc1 Rxc1+ 17. Qxc1 f6 18. Bb4 Qd7 19. a4 Ke7 20. Bb5 Qd8 21. Qd2 Qc7 22. Nxe5 fxe5 23. Qg5+ Kf8 24. Qxe5 Qc1+ 25. Bf1 Kf7 26. Qxd6 Re8 27. Qd7+ Re7 28. Qxe7+ Kg6 29. Qxb7 Qf4 30. Bd3+ Kh6 31. Qc6+ g6 32. Bd6 Qd4 33. Bf8+ Kh5 34. Qc5+ 1-0

[Event "OPEN AUBAGNE CEA 25-26"]
[Site "10 AV Joseph Fallen 13400 AUBAGNE"]
[Date "2025.10.04"]
[Round "1.16"]
[Board "16"]
[White "Belaid, Myriam"]
[Black "Connan, Pascal"]
[Result "0-1"]
[WhiteElo "1399"]
[BlackElo "1594"]
[WhiteFideId "-1"]
[WhiteFideId "-1"]
[PlyCount "66"]
[GameId "2229625307992203"]
[EventDate "2025.??.??"]
[WhiteTeam "Cercle d'Echecs Aubagnais"]
[BlackTeam "Cercle d'Echecs Aubagnais"]

1. c4 c5 2. g3 Nc6 3. Bg2 e5 4. Nc3 Nf6 5. Nf3 Bd6 6. O-O Rb8 7. Rb1 b6 8. a3 Ba6 9. d3 O-O 10. Qa4 Bb7 11. b4 Re8 12. b5 Nd4 13. Nxd4 exd4 14. Ne4 Nxe4 15. dxe4 Bxe4 16. Bxe4 Rxe4 17. Qc2 Qe7 18. Re1 Re8 19. Kf1 Qe6 20. f3 Qh3+ 21. Kf2 Qxh2+ 22. Kf1 Bxg3 23. e3 Qxc2 24. Rb2 Qxc4+ 25. Rbe2 Rh4 26. Kg2 Bxe1 27. Rxe1 Re6 28. Kg3 d3 29. f4 g5 30. Rf1 Qc2 31. Rg1 Qh2+ 32. Kf3 Qxg1 33. e4 Rh3# 0-1

[Event "OPEN AUBAGNE CEA 25-26"]
[Site "10 AV Joseph Fallen 13400 AUBAGNE"]
[Date "2025.10.04"]
[Round "1.17"]
[Board "17"]
[White "Hassaine, Rachid"]
[Black "Hospital, Mathieu"]
[Result "1-0"]
[WhiteElo "1583"]
[BlackElo "1399"]
[WhiteFideId "-1"]
[WhiteFideId "-1"]
[PlyCount "53"]
[GameId "2229356664680591"]
[EventDate "2025.??.??"]
[WhiteTeam "Cercle d'Echecs Aubagnais"]
[BlackTeam "Cercle d'Echecs Aubagnais"]

1. e4 d6 2. Bc4 Nd7 3. Nf3 e5 4. d3 Be7 5. Nc3 Ngf6 6. Nb5 a6 7. Bxf7+ Kxf7 8. Ng5+ Kg8 9. Ne6 Qe8 10. Nbxc7 Qf7 11. Ng5 Qf8 12. Nxa8 Bd8 13. c3 Nc5 14. b4 Ne6 15. Qb3 h6 16. Nxe6 Bxe6 17. Qxe6+ Kh7 18. Qc8 Ng4 19. Qxg4 Rg8 20. Qf5+ Qxf5 21. exf5 Rf8 22. g4 d5 23. Be3 Bf6 24. Nc7 Rd8 25. Ne6 Re8 26. Kd2 e4 27. d4 1-0

[Event "OPEN AUBAGNE CEA 25-26"]
[Site "10 AV Joseph Fallen 13400 AUBAGNE"]
[Date "2025.10.04"]
[Round "1.18"]
[Board "18"]
[White "Lecompte, John"]
[Black "Cotton, Paul"]
[Result "0-1"]
[WhiteElo "1399"]
[BlackElo "1569"]
[WhiteFideId "-1"]
[WhiteFideId "-1"]
[PlyCount "164"]
[GameId "2229658167111833"]
[EventDate "2025.??.??"]
[WhiteTeam "Cercle d'Echecs Aubagnais"]
[BlackTeam "Cercle d'Echecs Aubagnais"]

1. e4 c5 2. Bc4 Nc6 3. Nf3 d6 4. O-O Nf6 5. c3 Nxe4 6. d3 Nf6 7. Nbd2 g6 8. Re1 Bg7 9. Nf1 O-O 10. Ng3 a6 11. a4 Rb8 12. d4 cxd4 13. Nxd4 Bd7 14. b4 Ng4 15. f4 Nf6 16. f5 Nxd4 17. Qxd4 Nh5 18. Qg4 Bxc3 19. Bh6 Bxa1 20. Rxa1 Bxf5 21. Qd4 e5 22. Qe3 Re8 23. Nxh5 gxh5 24. Qg3+ Bg4 25. Rf1 d5 26. Ba2 Qb6+ 27. Kh1 Qxh6 28. h3 Qg5 29. hxg4 Qxg4 30. Qf2 Qf4 31. Qe2 Qh4+ 32. Kg1 Qd4+ 33. Kh1 Rbc8 34. Qxh5 Rc7 35. Bb1 e4 36. Ba2 Qe5 37. Qh6 Re6 38. Qh3 Qg7 39. Qe3 Qh6+ 40. Qxh6 Rxh6+ 41. Kg1 d4 42. Bd5 e3 43. Bf3 Rf6 44. b5 axb5 45. a5 Ra6 46. Rb1 Rxa5 47. Rb4 Rc4 48. Rb3 b6 49. Be2 Rc3 50. Rb1 b4 51. Rxb4 Rc2 52. Bd3 Rc1+ 53. Kh2 Rh5+ 54. Kg3 Rd5 55. Rxb6 Rc3 56. Be4 Re5 57. Kf4 Re6 58. Rb1 d3 59. Kxe3 f5 60. Kd2 Ra3 61. Bd5 Kf7 62. Re1 Raa6 63. Kxd3 Kf6 64. Bxe6 Rxe6 65. Rf1 h5 66. Rh1 Kg5 67. g3 Re4 68. Kd2 Rg4 69. Rg1 Kf6 70. Rh1 Kg6 71. Ke3 Rxg3+ 72. Kf4 Rg4+ 73. Ke3 Kg5 74. Kf3 f4 75. Rh2 Rg3+ 76. Ke4 Kg4 77. Rd2 h4 78. Rf2 f3 79. Rd2 Rg2 80. Rd4 Kg3 81. Ke3 h3 82. Rf4 Re2+ 0-1

[Event "OPEN AUBAGNE CEA 25-26"]
[Site "10 AV Joseph Fallen 13400 AUBAGNE"]
[Date "2025.10.04"]
[Round "1.19"]
[Board "19"]
[White "Portes, Daniel"]
[Black "Neyrand, Max"]
[Result "1-0"]
[WhiteElo "1569"]
[BlackElo "1399"]
[WhiteFideId "-1"]
[WhiteFideId "-1"]
[PlyCount "53"]
[GameId "2229670278434855"]
[EventDate "2025.??.??"]
[WhiteTeam "Hay Chess"]
[BlackTeam "Echiquier Marseillais 1872"]

1. e4 e5 2. Nf3 Nf6 3. Nxe5 Nxe4 4. Qe2 d6 5. Nf3 d5 6. d3 Bb4+ 7. c3 Bd6 8. dxe4 O-O 9. Be3 Re8 10. exd5 Re7 11. Qd3 Bc5 12. Be2 Qe8 13. Bxc5 Re3 14. Bxe3 c6 15. Nbd2 Nd7 16. Bd4 cxd5 17. Ng5 h6 18. Qh7+ Kf8 19. Qxg7+ Ke7 20. Qxh6 Qf8 21. Qh4 f6 22. Rf1 b6 23. Bg4 Ba6 24. Bxd7 Qd8 25. Bxf6+ Kf8 26. Bxd8 Kg8 27. Qh7+ 1-0

[Event "OPEN AUBAGNE CEA 25-26"]
[Site "10 AV Joseph Fallen 13400 AUBAGNE"]
[Date "2025.10.04"]
[Round "1.20"]
[Board "20"]
[White "Engles, Simeon"]
[Black "Dessagnes, Enzo"]
[Result "0-1"]
[WhiteElo "1299"]
[BlackElo "1566"]
[WhiteFideId "-1"]
[WhiteFideId "-1"]
[PlyCount "62"]
[GameId "2229673244332106"]
[EventDate "2025.??.??"]
[WhiteTeam "Hay Chess"]
[BlackTeam "Cercle d'Echecs Aubagnais"]

1. e4 c5 2. Nf3 Nc6 3. Nc3 d6 4. Bc4 g6 5. Ng5 e6 6. d3 Bg7 7. Qf3 Nf6 8. O-O Ne5 9. Qf4 O-O 10. Qh4 h6 11. Nf3 Nxf3+ 12. gxf3 g5 13. Qg3 a6 14. f4 Nh5 15. Qg4 Nxf4 16. Bxf4 e5 17. Qg2 exf4 18. Kh1 Be6 19. Rg1 Qe7 20. h4 f6 21. hxg5 fxg5 22. f3 Bxc4 23. dxc4 Bxc3 24. bxc3 Qe5 25. Qh3 Rf6 26. Qd7 Qxc3 27. Qxb7 Qxf3+ 28. Kh2 Qh5+ 29. Kg2 f3+ 30. Kf2 Qh2+ 31. Ke3 Qe2# 0-1